AHL Affiliates - Statistics

General Stats
  • This quiz has been taken 409 times
  • The average score is 25 of 31
Answer Stats
Hint Answer % Correct
Bridgeport Islanders New York Islanders
99%
Providence Bruins Boston Bruins
94%
Wilkes-Barre/Scranton Penguins Pittsburgh Penguins
94%
Iowa Wild Minnesota Wild
90%
Toronto Marlies Toronto Maple Leafs
90%
Texas Stars Dallas Stars
89%
Belleville Senators Ottawa Senators
89%
San Jose Barracuda San Jose Sharks
88%
Abbotsford Canucks Vancouver Canucks
88%
Colorado Eagles Colorado Avalanche
87%
Lehigh Valley Phantoms Philadelphia Flyers
87%
Henderson Silver Knights Vegas Golden Knights
85%
Manitoba Moose Winnipeg Jets
85%
Tucson Roadrunners Arizona Coyotes
84%
Hershey Bears Washington Capitals
84%
Hartford Wolf Pack New York Rangers
83%
San Diego Gulls Anaheim Ducks
81%
Cleveland Monsters Columbus Blue Jackets
81%
Grand Rapids Griffins Detroit Red Wings
79%
Ontario Reign Los Angeles Kings
79%
Laval Rocket Montreal Canadiens
79%
Rochester Americans Buffalo Sabres
77%
Syracuse Crunch Tampa Bay Lightning
77%
Stockton Heat Calgary Flames
76%
Rockford Icehogs Chicago Blackhawks
75%
Charlotte Checkers Florida Panthers & Seattle Kraken
72%
Springfield Thunderbirds St. Louis Blues
72%
Bakersfield Condors Edmonton Oilers
71%
Utica Comets New Jersey Devils
71%
Milwaukee Admirals Nashville Predators
68%
Chicago Wolves Carolina Hurricanes
66%
No matching quizzes found
Score Distribution
Percent of People with Each Score
Percentile by Number Answered
Your Score History
You have not taken this quiz